Normal view
MARC view
- Delincuencia juvenil
Entry Materia
001 - NÚMERO DE CONTROL DEL REGISTRO
- campo de control: 12955
003 - IDENTIFICADOR DE NUMERO DE CONTROL
- campo de control: MX-MxUPN
005 - FECHA Y HORA DE LA ÚLTIMA TRANSACCIÓN
- campo de control: 20251203141340.0
008 - DATOS DE LONGITUD FIJA
- campo de control de longitud fija: 251203d| fcnnnbabn | ana |d
035 ## - NÚMERO DE CONTROL DEL SISTEMA
- Número de control del sistema: UPN10000012963
040 ## - FUENTE DE LA CATALOGACIÓN
- Centro catalogador de origen: MX-MxUPN
- Lengua de catalogación: spa
- Agencia de transcripción: MX-MxUPN
150 ## - ENCABEZAMIENTO - TEMÁTICO
- Término de materia o nombre geográfico como elemento inicial: Delincuencia juvenil
- Subdivisión geográfica: España
- Subdivisión de forma: Estudio de casos
670 ## - FUENTE EN LA QUE SE LOCALIZARON DATOS
- Cita de la fuente: E
- Información localizada: Delincuencia juvenil - Estudio de casos - México
902 ## - CATALOGADOR
- Catalogador: MMA/070501
